Poppy Playtime Allies - Statistics

General Stats
  • This quiz has been taken 61 times
  • The average score is 5 of 6
Answer Stats
Hint Answer % Correct
Chapter 1,2,3,4,5 Poppy Playtime
100%
Chapter 4(at first) Doey The Doughman
98%
Chapter 2,3,4,5 Kissy Missy
93%
Chapter 5 Giblet
88%
Chapter 3 DogDay
81%
Chapter 5 Chum Chompkins
77%
No matching quizzes found
Score Distribution
Percent of People with Each Score
Percentile by Number Answered
Your Score History
You have not taken this quiz